000
00203 a2200097 4500
001
46551
100
_a
Masood, Mukhtar
245
_a
Aawaz-e-Do
260
_a
Lahore
_b
Ferozsons
_c
090
_c
29657
_d
29657
942
_a
NUST-CAE
_c
M
_c
21843
999
_c
281624
_d
281624